[Event "Premier"]
[Site "Seattle"]
[Date "2022.02.12"]
[Round "1"]
[White "Qian, Daniel"]
[Black "Kona, Vidip"]
[Result "0-1"]
[WhiteElo "1936"]
[BlackElo "1929"]
[PlyCount "60"]
[EventDate "2022.??.??"]

1. d4 Nf6 2. c4 c5 3. d5 e6 4. Nc3 exd5 5. cxd5 d6 6. e4 g6 7. f4 Bg7 8. Bb5+
Bd7 9. e5 dxe5 10. fxe5 Nh5 11. Nf3 O-O 12. O-O Bg4 13. h3 Bxf3 14. Qxf3 Bxe5
15. Bh6 Bd4+ 16. Kh1 Ng7 17. d6 Nc6 18. Bxc6 bxc6 19. Qxc6 Rc8 20. Qd5 Qd7 21.
Rae1 Rce8 22. Ne4 Nh5 23. Rf3 Re5 24. Qb3 Rfe8 25. g4 Rxe4 26. Rxe4 Rxe4 27.
gxh5 Re1+ 28. Kg2 Re2+ 29. Kf1 Rxb2 30. Qd5 Qb5+ 0-1

[Event "Premier"]
[Site "Seattle"]
[Date "2022.02.12"]
[Round "1"]
[White "Ackerman, Ryan"]
[Black "Kuhner, Mary"]
[Result "1-0"]
[WhiteElo "1918"]
[BlackElo "1897"]
[PlyCount "101"]
[EventDate "2022.??.??"]

1. d4 e6 2. c4 f5 3. Nf3 Nf6 4. Nc3 Bb4 5. Bd2 b6 6. g3 Bb7 7. Bg2 O-O 8. O-O
Bxc3 9. Bxc3 Ne4 10. Be1 d6 11. Nd2 Nd7 12. Qc2 Ndf6 13. f3 Nxd2 14. Bxd2 Qe7
15. e3 Rad8 16. Rad1 c5 17. a4 a5 18. Bc3 Qc7 19. b3 Rc8 20. dxc5 Qxc5 21. Bd4
Qc7 22. Qb2 Rf7 23. Rd3 Nd7 24. Rfd1 Nc5 25. Bxc5 dxc5 26. Qd2 Bc6 27. f4 Bxg2
28. Kxg2 Qb7+ 29. Kf2 Rfc7 30. Rd8+ Kf7 31. Qd6 Rxd8 32. Qxd8 Re7 33. Qh8 Rd7
34. Qxh7 Rxd1 35. Qh5+ Kf8 36. Qxd1 Qe4 37. h3 Ke7 38. g4 fxg4 39. hxg4 Qh7 40.
Kg3 Qe4 41. Qf3 Qd3 42. e4 Qd4 43. e5 Ke8 44. Kh4 Qb2 45. Qh3 Qc2 46. Kg5 Kf7
47. Qh5+ Kf8 48. Qg6 Qxb3 49. Qxe6 Qxa4 50. Qd6+ Ke8 51. e6 1-0

[Event "Premier"]
[Site "Seattle"]
[Date "2022.02.12"]
[Round "1"]
[White "Frantz, Joseph"]
[Black "Lu, Yiding"]
[Result "1-0"]
[WhiteElo "2009"]
[BlackElo "1945"]
[PlyCount "71"]
[EventDate "2022.??.??"]

1. d4 Nf6 2. c4 e6 3. Nf3 b6 4. g3 Bb7 5. Bg2 Be7 6. O-O O-O 7. Nc3 Ne4 8. Qc2
Nxc3 9. Qxc3 d6 10. Re1 c5 11. e4 cxd4 12. Nxd4 Nd7 13. b3 Qb8 14. Bb2 Bf6 15.
Rad1 a6 16. b4 Qa7 17. Qb3 Rfc8 18. a4 Rc7 19. b5 Ne5 20. Nc6 Bxc6 21. bxc6
Nxc6 22. Bxf6 gxf6 23. Qf3 Kg7 24. Qg4+ Kf8 25. Qf4 Kg7 26. Qg4+ Kf8 27. Qh4
Ke7 28. f4 e5 29. Rf1 b5+ 30. Kh1 Qc5 31. fxe5 Qxe5 32. Rd5 Qc3 33. e5 Nxe5 34.
Qxf6+ Kf8 35. Qh8+ Ke7 36. Qxa8 1-0

[Event "Premier"]
[Site "Seattle"]
[Date "2022.02.12"]
[Round "1"]
[White "Vemparala, Nikash"]
[Black "Anand, Vignesh"]
[Result "1-0"]
[WhiteElo "1998"]
[BlackElo "2080"]
[PlyCount "117"]
[EventDate "2022.??.??"]

1. e4 c5 2. Nf3 d6 3. Bb5+ Nd7 4. O-O Ngf6 5. Re1 a6 6. Bd3 g6 7. c3 Bg7 8. Bc2
O-O 9. d4 e5 10. Bg5 h6 11. Bh4 Qc7 12. Bg3 Nh5 13. dxe5 dxe5 14. Nbd2 Nxg3 15.
hxg3 b5 16. a4 Bb7 17. Qe2 c4 18. Rac1 Nc5 19. axb5 axb5 20. b3 cxb3 21. Nxb3
Nxb3 22. Bxb3 Ra3 23. Qxb5 Rc8 24. c4 Rb8 25. Qb4 Bf8 26. c5 Ra5 27. Qb6 Qxb6
28. cxb6 Bb4 29. Red1 Ra3 30. Bc4 Bxe4 31. Nxe5 Rxb6 32. Bxf7+ Kg7 33. Nc4 Rb7
34. Nxa3 Bxa3 35. Rc4 Bxg2 36. Bd5 Bxd5 37. Rxd5 Rf7 38. Rc6 Be7 39. Rd7 Ba3
40. Rxf7+ Kxf7 41. Kg2 Be7 42. Kf3 h5 43. Rc7 Kf6 44. Ke4 Bb4 45. Rc6+ Kg7 46.
Ke5 Be1 47. Rc2 Kh7 48. Kf6 Kh6 49. Rc8 Kh7 50. Kg5 Bd2+ 51. f4 Ba5 52. Ra8 Bb6
53. Rb8 Bf2 54. Rb7+ Kg8 55. Kxg6 Kf8 56. f5 Bxg3 57. f6 h4 58. Ra7 Ke8 59. f7+
1-0

[Event "Championship"]
[Site "Seattle"]
[Date "2022.02.12"]
[Round "1"]
[White "Jiang, Brandon"]
[Black "Levine, Joseph"]
[Result "1/2-1/2"]
[WhiteElo "2154"]
[BlackElo "2251"]
[PlyCount "78"]
[EventDate "2022.??.??"]

1. e4 e6 2. d4 d5 3. Nc3 Nf6 4. exd5 exd5 5. Bg5 Be7 6. Bd3 Nc6 7. Nge2 Nb4 8.
Ng3 Nxd3+ 9. Qxd3 O-O 10. O-O h6 11. Bf4 c6 12. Nf5 Bxf5 13. Qxf5 Qd7 14. Qxd7
Nxd7 15. Rfe1 Rfe8 16. Ne2 Bf6 17. c3 h5 18. Kf1 a5 19. Nc1 Rxe1+ 20. Kxe1 a4
21. Nd3 Kf8 22. Kd2 Nb6 23. Re1 Nc4+ 24. Kc2 g5 25. Bc1 Re8 26. Rxe8+ Kxe8 27.
b3 axb3+ 28. axb3 Nd6 29. h3 Be7 30. Ba3 f6 31. Bxd6 Bxd6 32. Kd2 h4 33. Ke3
Kf7 34. Ke2 Ke6 35. Nc5+ Bxc5 36. dxc5 Kf5 37. Kf3 Ke5 38. Ke3 f5 39. f3 f4+
1/2-1/2

[Event "Championship"]
[Site "Seattle"]
[Date "2022.02.12"]
[Round "1"]
[White "Mahajan, Rushaan"]
[Black "Moroney, Timothy"]
[Result "0-1"]
[WhiteElo "2253"]
[BlackElo "2234"]
[PlyCount "172"]
[EventDate "2022.??.??"]

1. Nf3 c5 2. c4 Nc6 3. d4 cxd4 4. Nxd4 Nf6 5. Nc3 e6 6. g3 Qb6 7. Ndb5 Bc5 8.
Nd6+ Ke7 9. Nde4 Ne5 10. Nxc5 Qxc5 11. Be3 Qc6 12. Rg1 Nxc4 13. Bf4 d5 14. Rc1
Qb6 15. b3 Nd6 16. Na4 Qa5+ 17. Bd2 Qd8 18. Bb4 b5 19. Rc6 Nfe4 20. Nc5 a5 21.
Nxe4 axb4 22. Nxd6 Bd7 23. Rc2 Qb6 24. Nxf7 Kxf7 25. Bh3 Rhc8 26. Kf1 Rc3 27.
Kg2 d4 28. Rd2 Qc6+ 29. f3 e5 30. Bxd7 Qxd7 31. Qb1 Ra6 32. Qe4 Re6 33. h4 Kg8
34. Rgd1 h6 35. Qa8+ Re8 36. Qe4 Re6 37. g4 Qe7 38. Qd5 Kh7 39. Qxb5 Qxh4 40.
Qxb4 e4 41. Rf1 Re3 42. Qb5 Re5 43. Qc4 d3 44. Qd4 dxe2 45. Qxe3 exf3+ 46. Qxf3
exf1=Q+ 47. Qxf1 Qxg4+ 48. Kh1 Qg3 49. Qd3+ Qxd3 50. Rxd3 Re1+ 51. Kg2 Re2+ 52.
Kg3 Rxa2 53. Rd6 Rb2 54. Rb6 h5 55. Kh4 g6 56. b4 Rb3 57. Kg5 Rg3+ 58. Kh4 Rg4+
59. Kh3 Kh6 60. b5 Rb4 61. Rb8 Kg5 62. Kg3 Rb3+ 63. Kg2 Kg4 64. b6 Rb2+ 65. Kf1
g5 66. b7 Rb1+ 67. Kg2 Rb2+ 68. Kg1 Kg3 69. Kf1 g4 70. Rh8 Rxb7 71. Rxh5 Rb1+
72. Ke2 Kg2 73. Re5 g3 74. Rh5 Rb7 75. Re5 Rf7 76. Ke1 Kg1 77. Ke2 g2 78. Rh5
Re7+ 79. Kd2 Kf2 80. Rf5+ Kg3 81. Rg5+ Kf3 82. Rg6 Re4 83. Kd3 Rg4 84. Rf6+ Kg3
85. Ke2 g1=Q 86. Rf3+ Kh4 0-1

[Event "Championship"]
[Site "Seattle"]
[Date "2022.02.12"]
[Round "1"]
[White "Readey, John"]
[Black "Liu, Austin"]
[Result "1-0"]
[WhiteElo "2289"]
[BlackElo "2004"]
[PlyCount "89"]
[EventDate "2022.??.??"]

1. Nf3 Nf6 2. g3 g6 3. Bg2 Bg7 4. c4 O-O 5. d4 d6 6. Nc3 Nbd7 7. O-O e5 8. e4
exd4 9. Nxd4 a6 10. Qc2 Rb8 11. Rd1 Re8 12. h3 c5 13. Nf3 Qc7 14. a4 b6 15. Bf4
Ne5 16. b3 Bb7 17. Nxe5 dxe5 18. Be3 Bf8 19. Nd5 Nxd5 20. cxd5 Bd6 21. Rdc1
Rec8 22. h4 Qe7 23. Bh3 Rc7 24. Bg5 f6 25. Be3 Bc8 26. Bxc8 Rbxc8 27. Qe2 Ra8
28. Qg4 Qf7 29. b4 cxb4 30. Bxb6 Rb7 31. Rc6 Bf8 32. a5 Re8 33. Qe2 f5 34. Qxa6
fxe4 35. Qc4 Rd7 36. Rd1 Qf3 37. d6+ Kh8 38. Qd5 b3 39. Rb1 Qe2 40. Rxb3 Qe1+
41. Kg2 Qa1 42. Re3 Qb1 43. Rc7 Red8 44. Rxd7 Rxd7 45. Qxe5+ 1-0

[Event "Championship"]
[Site "Seattle"]
[Date "2022.02.12"]
[Round "1"]
[White "Velea, Anne-Marie"]
[Black "Lee, Megan"]
[Result "0-1"]
[WhiteElo "2187"]
[BlackElo "2321"]
[PlyCount "153"]
[EventDate "2022.??.??"]

1. e4 e5 2. Nf3 Nc6 3. Nc3 Nf6 4. Bb5 Bd6 5. d3 O-O 6. Bg5 h6 7. Bh4 a6 8. Ba4
b5 9. Bb3 Be7 10. O-O d6 11. Nd5 Na5 12. Nxe7+ Qxe7 13. c3 Nxb3 14. axb3 g5 15.
Bg3 Nh5 16. Nd2 Ng7 17. Re1 f5 18. exf5 Qf7 19. f6 Qxf6 20. Ne4 Qg6 21. d4 exd4
22. Qxd4 Bb7 23. c4 Ne6 24. Qd3 Bxe4 25. Qxe4 Qxe4 26. Rxe4 Nc5 27. Re3 bxc4
28. bxc4 Rab8 29. Rb1 Rb4 30. Re7 Rf7 31. Re8+ Kg7 32. Ra8 Rxc4 33. b4 Nd3 34.
Rxa6 Rxb4 35. Rxb4 Nxb4 36. Ra4 Nd3 37. f3 Re7 38. Ra3 Ne5 39. Kf2 d5 40. Bxe5+
Rxe5 41. Rc3 Re7 42. Rc5 Rd7 43. Ke3 d4+ 44. Kd3 Kf6 45. Rc6+ Ke5 46. Rc5+ Kf4
47. Ke2 Re7+ 48. Kf2 Re5 49. Rxc7 Ra5 50. Rc2 Ke5 51. Ke2 Kd5 52. Kd2 Ra3 53.
Rc8 h5 54. Rd8+ Ke5 55. Re8+ Kf6 56. Rf8+ Kg7 57. Rc8 h4 58. Rc4 Kf6 59. Rc8
Ke6 60. Re8+ Kd7 61. Rg8 Ra2+ 62. Kd3 Rxg2 63. Kxd4 Ke6 64. Rg6+ Kf5 65. Rg8
Rxh2 66. Rf8+ Ke6 67. Ke3 Ra2 68. Re8+ Kf7 69. Rh8 Kg7 70. Rh5 Kg6 71. Rh8 Ra3+
72. Kf2 Ra7 73. Kg2 Ra2+ 74. Kh3 Ra3 75. Kg2 Ra7 76. Kf2 Rh7 77. Rg8+ {and
Black won in a time scramble} 0-1

[Event "Championship"]
[Site "Seattle"]
[Date "2022.02.12"]
[Round "1"]
[White "Shubin, Daniel"]
[Black "Pupols, Viktors"]
[Result "1-0"]
[WhiteElo "2214"]
[BlackElo "2200"]
[PlyCount "128"]
[EventDate "2022.??.??"]

1. e4 c6 2. d4 d5 3. Nc3 dxe4 4. Nxe4 Nf6 5. Nxf6+ exf6 6. c3 Bd6 7. Bd3 O-O 8.
Qf3 Re8+ 9. Ne2 Nd7 10. O-O Nf8 11. Bf4 Ng6 12. Bxd6 Qxd6 13. Qg3 Qxg3 14. hxg3
Be6 15. c4 Rad8 16. Rad1 Bf5 17. Rfe1 Bxd3 18. Rxd3 f5 19. Kf1 Ne5 20. Rc3 Ng4
21. f3 Nf6 22. Rd1 g5 23. Kf2 Kg7 24. Ra3 a6 25. Nc3 Re7 26. Na4 Rde8 27. Rd2
g4 28. Nc5 h5 29. Rb3 b5 30. Nxa6 gxf3 31. gxf3 bxc4 32. Rc3 Re1 33. Nc7 R8e7
34. Rxc4 f4 35. gxf4 h4 36. Rxc6 Rh1 37. Kg2 Ree1 38. Rc5 h3+ 39. Kg3 Reg1+ 40.
Kh4 Rg6 41. Rg5 h2 42. Rc2 Rf1 43. Rxh2 Rxf3 44. Rxg6+ Kxg6 45. Rd2 Ne4 46.
Rg2+ Kf5 47. Nd5 Ke6 48. Kg4 Rd3 49. Nc7+ Kd7 50. Nb5 Nf6+ 51. Kf5 Nd5 52. Ke4
Nb4 53. a3 f5+ 54. Kxf5 Nc6 55. Ke4 Rb3 56. Nc3 Na5 57. Kd5 Ke7 58. Kc5 Nb7+
59. Kc6 Nd8+ 60. Kd5 Nf7 61. Kc4 Rb8 62. b4 Rc8+ 63. Kd3 Nd6 64. Ne4 Nf7 {
and White won in a few more moves} 1-0

[Event "Premier"]
[Site "Seattle"]
[Date "2022.02.12"]
[Round "2"]
[White "Anand, Vignesh"]
[Black "Kona, Vidip"]
[Result "1-0"]
[WhiteElo "2080"]
[BlackElo "1929"]
[PlyCount "62"]
[EventDate "2022.??.??"]

1. d4 Nf6 2. Nf3 c5 3. c3 g6 4. Bf4 Bg7 5. e3 O-O 6. Be2 cxd4 7. exd4 d5 8. Ne5
Nbd7 9. h4 h5 10. f3 e6 11. g4 hxg4 12. fxg4 Ne4 13. Nxd7 Bxd7 14. Nd2 Qb6 15.
Nxe4 dxe4 16. Qd2 Rad8 17. Be3 e5 18. dxe5 Qc7 19. Bg5 Rde8 20. O-O-O Ba4 21.
Rdf1 Qxe5 22. Qe3 Qe6 23. Kb1 Bc6 24. h5 f6 25. Bh4 g5 26. Bg3 Bh6 27. Rf5 Qe7
28. Bc4+ Kg7 29. Rhf1 Rc8 30. Bb5 Qe6 31. Qxa7 Ra8 {[%emt 0:00:40] and White
won on move} 1-0

[Event "Premier"]
[Site "Seattle"]
[Date "2022.02.12"]
[Round "2"]
[White "Lu, Yiding"]
[Black "Ackerman, Ryan"]
[Result "1-0"]
[WhiteElo "1945"]
[BlackElo "1918"]
[PlyCount "47"]
[EventDate "2022.??.??"]

1. e4 e6 2. d4 d5 3. Nc3 Nf6 4. Bg5 Be7 5. e5 Nfd7 6. Bxe7 Qxe7 7. f4 a6 8. Nf3
c5 9. dxc5 Nc6 10. Bd3 Nxc5 11. O-O Nxd3 12. Qxd3 Qb4 13. Ne2 Qc5+ 14. Ned4
Nxd4 15. Nxd4 Bd7 16. Kh1 Bb5 17. Nxb5 Qxb5 18. Qa3 Rc8 19. f5 exf5 20. Rxf5
Qc5 21. Qf3 Qxc2 22. Rf1 O-O 23. Rxf7 Qc5 24. e6 1-0

[Event "Premier"]
[Site "Seattle"]
[Date "2022.02.12"]
[Round "2"]
[White "Vemparala, Nikash"]
[Black "Frantz, Joseph"]
[Result "0-1"]
[WhiteElo "1998"]
[BlackElo "2009"]
[PlyCount "118"]
[EventDate "2022.??.??"]

1. e4 e5 2. Nf3 Nc6 3. Bc4 Nf6 4. d3 Be7 5. O-O O-O 6. c3 d5 7. exd5 Nxd5 8. h3
Bf5 9. Bb3 Qd7 10. d4 e4 11. Ne5 Nxe5 12. dxe5 Rad8 13. c4 Nb4 14. Qxd7 Rxd7
15. g4 Bg6 16. Bd2 Nd3 17. Bc3 Bc5 18. Kg2 Re8 19. Nd2 Nxe5 20. Ba4 c6 21. b4
Bd4 22. Bxd4 Rxd4 23. Rfd1 Red8 24. Nf1 Rxd1 25. Rxd1 Rxd1 26. Bxd1 Nxc4 27.
Bb3 Nd6 28. Ne3 Kf8 29. Kg3 f6 30. a4 Bf7 31. Bc2 g6 32. Kf4 f5 33. gxf5 gxf5
34. Nxf5 Nxf5 35. Kxf5 Bg6+ 36. Kf4 e3 37. Bd1 Bc2 38. Be2 exf2 39. a5 Ke7 40.
Ke3 Kd6 41. Kxf2 Bf5 42. h4 c5 43. b5 Kd5 44. Ke3 b6 45. axb6 axb6 46. Kd2 Kd4
47. h5 h6 48. Kc1 Bd3 49. Bg4 Bxb5 50. Bf5 Be2 51. Bg6 Kc3 52. Bf7 b5 53. Bg6
b4 54. Bf7 b3 55. Bg6 b2+ 56. Kb1 Bd3+ 57. Bxd3 Kxd3 58. Kxb2 c4 59. Kc1 Kc3
0-1

[Event "Championship"]
[Site "Seattle"]
[Date "2022.02.12"]
[Round "2"]
[White "Pupols, Viktors"]
[Black "Levine, Joseph"]
[Result "0-1"]
[WhiteElo "2200"]
[BlackElo "2251"]
[PlyCount "76"]
[EventDate "2022.??.??"]

1. e4 e6 2. d4 d5 3. e5 c5 4. c3 Nc6 5. Be3 Qb6 6. Qd2 Bd7 7. Nf3 f6 8. Be2 Rc8
9. O-O fxe5 10. dxe5 Nge7 11. Bf4 Ng6 12. Bg3 c4 13. Na3 Bxa3 14. bxa3 Qc7 15.
Rae1 O-O 16. Bd1 Nge7 17. Nd4 Nxd4 18. Qxd4 Qc5 19. Qd2 Be8 20. Bg4 Rc6 21. Rb1
b6 22. Kh1 Bg6 23. Rbc1 Bd3 24. Rfe1 Qxa3 25. f3 Bf5 26. Bxf5 Nxf5 27. Bf2 Ne7
28. Rb1 Ng6 29. Rb4 Nf4 30. Reb1 Nd3 31. Rb5 Nxf2+ 32. Qxf2 Qxc3 33. a4 d4 34.
a5 d3 35. axb6 Rxb6 36. Rxb6 axb6 37. Qxb6 d2 38. h4 Qxe5 0-1

[Event "Championship"]
[Site "Seattle"]
[Date "2022.02.12"]
[Round "2"]
[White "Moroney, Timothy"]
[Black "Jiang, Brandon"]
[Result "0-1"]
[WhiteElo "2234"]
[BlackElo "2154"]
[PlyCount "96"]
[EventDate "2022.??.??"]

1. e4 e5 2. Nf3 Nc6 3. Bc4 Bc5 4. c3 Bb6 5. d4 Qe7 6. a4 a6 7. O-O Nf6 8. a5
Ba7 9. Re1 d6 10. d5 Nb8 11. Bd3 Bg4 12. Be3 Nbd7 13. Bxa7 Rxa7 14. Nbd2 Nf8
15. b4 Ng6 16. c4 O-O 17. h3 Nf4 18. Bf1 Bd7 19. Qb3 Raa8 20. c5 g6 21. Rac1
Ne8 22. Nc4 Bb5 23. cxd6 cxd6 24. Nb6 Bxf1 25. Kxf1 Rb8 26. Qc4 Rd8 27. Rc3 Kh8
28. Rec1 f5 29. h4 fxe4 30. Qxe4 Nf6 31. Qc4 Qf7 32. Ng5 Qg8 33. Rd1 h6 34. Ne6
N6xd5 35. Nxd8 Nxc3 36. Qxc3 Rxd8 37. Qc7 Qf8 38. Nd7 Qe7 39. Rxd6 Qxh4 40. Ke1
Nxg2+ 41. Kd1 Qg4+ 42. Kc1 Qf4+ 43. Kd1 Qf3+ 44. Kc1 Qa3+ 45. Kd1 Qa1+ 46. Kd2
Qb2+ 47. Kd3 Nf4+ 48. Ke4 Qe2# 0-1

[Event "Championship"]
[Site "Seattle"]
[Date "2022.02.12"]
[Round "2"]
[White "Liu, Austin"]
[Black "Mahajan, Rushaan"]
[Result "1-0"]
[WhiteElo "2004"]
[BlackElo "2253"]
[PlyCount "71"]
[EventDate "2022.??.??"]

1. e4 c6 2. d4 d5 3. Nc3 dxe4 4. Nxe4 Nf6 5. Nxf6+ exf6 6. c3 Bd6 7. Bd3 O-O 8.
Qc2 Re8+ 9. Ne2 h5 10. O-O h4 11. h3 Nd7 12. Bd2 Nf8 13. Rae1 g6 14. f4 f5 15.
c4 Be6 16. b4 Rc8 17. Qb2 Be7 18. Bc3 Bf6 19. Rd1 $10 Rc7 20. d5 Bxc3 21. Nxc3
cxd5 22. cxd5 Bd7 23. Nb5 Bxb5 24. Bxb5 Re4 25. d6 Rc8 26. d7 Rc7 27. Qd2 a6
28. Qd6 Ne6 29. Ba4 Rcc4 30. Rfe1 Kh7 31. Rxe4 Rxe4 32. Bb3 Nxf4 33. Bd5 Nxd5
34. Qxd5 Kg7 35. Qxb7 Qe7 36. Qxe4 1-0

[Event "Championship"]
[Site "Seattle"]
[Date "2022.02.12"]
[Round "2"]
[White "Lee, Megan"]
[Black "Readey, John"]
[Result "1-0"]
[WhiteElo "2321"]
[BlackElo "2289"]
[PlyCount "53"]
[EventDate "2022.??.??"]

1. e4 c6 2. Nc3 d5 3. Nf3 dxe4 4. Nxe4 Nf6 5. Qe2 Nxe4 6. Qxe4 Nd7 7. Bc4 Nf6
8. Ne5 e6 9. Qe2 Be7 10. O-O O-O 11. a4 a5 12. b3 Nd7 13. Bb2 Nxe5 14. Bxe5 Bd6
15. f4 Qc7 16. Bd3 Bd7 17. Bxh7+ Kxh7 18. Qd3+ Kg8 19. Bxd6 Qb6+ 20. Kh1 Rfe8
21. Rf3 Rad8 22. Rh3 f6 23. Qh7+ Kf7 24. Rg3 e5 25. Qxg7+ Ke6 26. fxe5 fxe5 27.
Qxe5+ 1-0

[Event "Championship"]
[Site "Seattle"]
[Date "2022.02.12"]
[Round "2"]
[White "Shubin, Daniel"]
[Black "Velea, Anne-Marie"]
[Result "1/2-1/2"]
[WhiteElo "2214"]
[BlackElo "2187"]
[PlyCount "25"]
[EventDate "2022.??.??"]

1. e4 c5 2. Nf3 d6 3. d4 cxd4 4. Nxd4 Nf6 5. Nc3 g6 6. Be3 Bg7 7. Bc4 O-O 8. h3
Nc6 9. Bb3 Nd7 10. O-O Nc5 11. Nxc6 bxc6 12. Bxc5 Bxc3 13. bxc3 1/2-1/2

[Event "Premier"]
[Site "Seattle"]
[Date "2022.02.13"]
[Round "3"]
[White "Kona, Vidip"]
[Black "Bian, Erin"]
[Result "1-0"]
[WhiteElo "1929"]
[BlackElo "1919"]
[PlyCount "123"]
[EventDate "2022.??.??"]

1. Nf3 Nf6 2. c4 b6 3. g3 c5 4. Bg2 Bb7 5. O-O g6 6. b3 Bg7 7. Bb2 d6 8. d4
cxd4 9. Nxd4 Bxg2 10. Kxg2 O-O 11. Nc3 Qd7 12. e4 Rd8 13. Qd2 e6 14. f3 Nc6 15.
Nxc6 Qxc6 16. Ne2 d5 17. cxd5 exd5 18. e5 Ne8 19. Nd4 Qd7 20. f4 Nc7 21. Rf2
Ne6 22. b4 Nxd4 23. Bxd4 Qf5 24. Re1 Rac8 25. h3 h5 26. Kh2 Rc4 27. Rg2 Rdc8
28. g4 hxg4 29. hxg4 Qc2 30. Qxc2 Rxc2 31. f5 Rxg2+ 32. Kxg2 Kf8 33. f6 Bh8 34.
Rh1 Kg8 35. e6 fxe6 36. f7+ Kxf7 37. Rh7+ Ke8 38. Rxh8+ Kd7 39. Rxc8 Kxc8 40.
b5 Kb7 41. Kf3 a6 42. a4 axb5 43. axb5 Kc7 44. Be5+ Kd7 45. Kf4 Ke7 46. Kg5 Kf7
47. Kh6 Ke7 48. Kxg6 Kd7 49. Kf6 Ke8 50. Kxe6 Kf8 51. Kxd5 Ke7 52. Kc6 Kd8 53.
Kxb6 Kc8 54. g5 Kd7 55. g6 Ke6 56. g7 Kf7 57. Kc6 Kg8 58. b6 Kf7 59. b7 Ke7 60.
b8=Q Ke6 61. g8=Q+ Kf5 62. Qf7+ 1-0

[Event "Premier"]
[Site "Seattle"]
[Date "2022.02.13"]
[Round "3"]
[White "Frantz, Joseph"]
[Black "Anand, Vignesh"]
[Result "0-1"]
[WhiteElo "2009"]
[BlackElo "2080"]
[PlyCount "90"]
[EventDate "2022.??.??"]

1. d4 Nf6 2. c4 g6 3. Nc3 Bg7 4. e4 d6 5. f3 O-O 6. Be3 e5 7. Nge2 Nc6 8. Qd2
Nd7 9. O-O-O a6 10. h4 b5 11. Bh6 Nb6 12. Bxg7 Kxg7 13. Ng3 Nxd4 14. h5 g5 15.
h6+ Kh8 16. Nd5 Nxd5 17. cxd5 Bd7 18. Ne2 Nxe2+ 19. Bxe2 f5 20. Kb1 fxe4 21.
fxe4 Rf4 22. Rh5 Be8 23. Rh3 Bg6 24. Bd3 Bxe4 25. Bxe4 Rxe4 26. Qc2 Rf4 27. Rc3
Rc8 28. a3 Rf6 29. Rh1 Qe7 30. Ka2 Qf7 31. Rd1 c5 32. Qd2 Rg8 33. Rh3 Rf4 34.
Qa5 Rd4 35. Rxd4 cxd4 36. Rf3 Qxd5+ 37. b3 e4 38. Rf6 e3 39. Qb6 Qxg2+ 40. Ka1
Qg1+ 41. Kb2 Qh2+ 42. Kb1 e2 43. Re6 Qg1+ 44. Ka2 e1=Q 45. Rxe1 Qf2+ 0-1

[Event "Championship"]
[Site "Seattle"]
[Date "2022.02.13"]
[Round "3"]
[White "Readey, John"]
[Black "Shubin, Daniel"]
[Result "0-1"]
[WhiteElo "2289"]
[BlackElo "2214"]
[PlyCount "106"]
[EventDate "2022.??.??"]

1. Nf3 d5 2. g3 Nf6 3. Bg2 e6 4. O-O Be7 5. c4 O-O 6. d4 c6 7. Qc2 b6 8. Nbd2
Bb7 9. e4 Na6 10. b3 Nb4 11. Qb1 dxe4 12. Nxe4 c5 13. Nxf6+ Bxf6 14. Ng5 Bxg5
15. Bxb7 Rb8 16. Bxg5 Qxg5 17. Qe4 Qe7 18. a3 Qxb7 19. Qxb7 Rxb7 20. axb4 cxd4
21. b5 e5 22. Ra2 Rd8 23. Re1 Re7 24. Rae2 d3 25. Rd2 f5 26. f4 e4 27. Kf2 Kf7
28. Ke3 h6 29. Rf1 Ke6 30. Re1 g5 31. Rf1 Rg8 32. Rdf2 g4 33. Ra2 h5 34. Re1
Rgg7 35. Ra6 Rc7 36. Rc1 Rgd7 37. Ra2 h4 38. b4 hxg3 39. hxg3 Rh7 40. c5 Rh3
41. Rg2 Kd5 42. c6 Kd6 43. Ra1 Rch7 44. Kd4 Rh1 45. Rga2 Rxa1 46. Rxa1 Ke6 47.
Rc1 Rh8 48. Ra1 Rh2 49. Rxa7 d2 50. Ra1 Re2 51. Rd1 e3 52. Kd3 Re1 53. Kc2 Kd6
0-1

[Event "Championship"]
[Site "Seattle"]
[Date "2022.02.13"]
[Round "3"]
[White "Velea, Anne-Marie"]
[Black "Pupols, Viktors"]
[Result "1/2-1/2"]
[WhiteElo "2187"]
[BlackElo "2200"]
[PlyCount "73"]
[EventDate "2022.??.??"]

1. e4 c6 2. d4 d5 3. Nc3 b5 4. exd5 b4 5. Na4 cxd5 6. a3 e6 7. Nc5 bxa3 8. Rxa3
Bd6 9. Bb5+ Bd7 10. Qe2 Nf6 11. Bg5 O-O 12. Nf3 Bxb5 13. Qxb5 Nbd7 14. Nxd7
Qxd7 15. Qxd7 Nxd7 16. Ra6 Nb6 17. O-O Rac8 18. c3 f6 19. Bh4 Rf7 20. Rfa1 Rcc7
21. Ne1 Rfe7 22. Nd3 g5 23. Bg3 Bxg3 24. hxg3 e5 25. dxe5 fxe5 26. Nb4 d4 27.
Rxb6 axb6 28. Nd5 dxc3 29. Nxe7+ Rxe7 30. bxc3 Rc7 31. Rb1 Rxc3 32. Rxb6 Rc1+
33. Kh2 Kg7 34. g4 Rc4 35. Kg3 Rc3+ 36. Kh2 Rc4 37. Kg3 1/2-1/2

[Event "Championship"]
[Site "Seattle"]
[Date "2022.02.13"]
[Round "3"]
[White "Mahajan, Rushaan"]
[Black "Lee, Megan"]
[Result "1/2-1/2"]
[WhiteElo "2253"]
[BlackElo "2321"]
[PlyCount "113"]
[EventDate "2022.??.??"]

1. Nf3 Nf6 2. g3 d5 3. Bg2 Bg4 4. O-O Nbd7 5. h3 Bxf3 6. Bxf3 e5 7. d3 Nb6 8.
e4 dxe4 9. Bxe4 Nxe4 10. dxe4 Qxd1 11. Rxd1 Bc5 12. a4 O-O 13. a5 Nc4 14. Ra4
b5 15. axb6 Nxb6 16. Ra5 Bd6 17. b3 Rfd8 18. Ba3 f6 19. Nc3 Bxa3 20. Rxd8+ Rxd8
21. Rxa3 Nc8 22. Nb5 c6 23. Nxa7 Ne7 24. b4 Rd1+ 25. Kg2 Rb1 26. Ra4 Kf7 27. c4
Ke6 28. b5 cxb5 29. Ra6+ Kd7 30. Nxb5 Nc8 31. Ra4 Re1 32. Kf3 Rb1 33. h4 h5 34.
Kg2 Re1 35. Nc3 Rc1 36. Nd5 Rb1 37. c5 Kc6 38. Ra8 Kb7 39. Ra5 Kc6 40. Ne3 Rb5
41. Rxb5 Kxb5 42. Nf5 g6 43. Ng7 Ne7 44. Ne6 Kc6 45. Kf3 Kd7 46. Nf8+ Ke8 47.
Ne6 Kd7 48. Ng7 Nc6 49. Ke3 Ke7 50. Kd3 Kf7 51. Kc4 Kxg7 52. Kd5 Nb4+ 53. Kd6
Kf7 54. c6 Na6 55. f3 g5 56. hxg5 fxg5 57. Kxe5 1/2-1/2

[Event "Championship"]
[Site "Seattle"]
[Date "2022.02.13"]
[Round "3"]
[White "Jiang, Brandon"]
[Black "Liu, Austin"]
[Result "0-1"]
[WhiteElo "2154"]
[BlackElo "2004"]
[PlyCount "87"]
[EventDate "2022.??.??"]

1. e4 c5 2. Nf3 d6 3. Bb5+ Bd7 4. Bxd7+ Qxd7 5. O-O Nf6 6. Re1 Nc6 7. c3 e6 8.
d4 cxd4 9. cxd4 d5 10. e5 Ne4 11. Nbd2 Nxd2 12. Bxd2 Be7 13. Rc1 O-O 14. Rc3 f5
15. exf6 Rxf6 16. Rd3 Raf8 17. a3 h6 18. Bc1 Bd6 19. Rde3 Bf4 20. Rd3 Bd6 21.
Rde3 Qf7 22. Qd3 Qh5 23. h3 Bf4 24. Nh2 Bxe3 25. Bxe3 Qf5 26. Qe2 Rg6 27. Kh1
e5 28. dxe5 d4 29. Bc1 Qxf2 30. Qc4+ Kh7 31. Re2 Qg3 32. e6 Rf2 33. Rxf2 Qxf2
34. Ng4 Qe1+ 35. Kh2 Qxe6 36. Qb5 Qd6+ 37. g3 d3 38. Bf4 Qd7 39. Nf2 d2 40. Qe2
Re6 41. Qg4 Qd5 42. h4 h5 43. Qd1 Re1 44. Qc2+ 0-1

[Event "Championship"]
[Site "Seattle"]
[Date "2022.02.13"]
[Round "3"]
[White "Levine, Joseph"]
[Black "Moroney, Timothy"]
[Result "1-0"]
[WhiteElo "2251"]
[BlackElo "2234"]
[PlyCount "93"]
[EventDate "2022.??.??"]

1. e4 c5 2. Nf3 d6 3. d4 cxd4 4. Nxd4 Nf6 5. Nc3 a6 6. Bd3 e5 7. Nde2 Be7 8.
O-O O-O 9. Ng3 Be6 10. Nd5 Bxd5 11. exd5 g6 12. f4 Nbd7 13. c4 b5 14. cxb5 axb5
15. Kh1 Qb6 16. Qe2 b4 17. Bb5 Ra5 18. Bc6 Nb8 19. fxe5 dxe5 20. Bh6 Rc8 21.
Be3 Qc7 22. Rac1 Nxc6 23. Rxc6 Qd7 24. Qf3 Rxc6 25. dxc6 Qc7 26. Ne4 Qxc6 27.
Nxf6+ Qxf6 28. Qxf6 Bxf6 29. Rxf6 Rxa2 30. Bc1 Ra1 31. Rf1 f5 32. Kg1 Rb1 33.
Kf2 Kf7 34. Ke2 Ke6 35. Rd1 f4 36. Kd3 Kf5 37. Rf1 g5 38. Kc4 e4 39. Kxb4 e3
40. Kc3 Ke4 41. Re1 g4 42. Kc2 Ra1 43. g3 Rxc1+ 44. Rxc1 f3 45. Kd1 h5 46. Ke1
Kd3 47. Rc3+ 1-0

[Event "Premier"]
[Site "Seattle"]
[Date "2022.02.13"]
[Round "3"]
[White "Ackerman, Ryan"]
[Black "Vemparala, Nikash"]
[Result "0-1"]
[WhiteElo "1918"]
[BlackElo "1998"]
[PlyCount "42"]
[EventDate "2022.??.??"]

1. d4 d5 2. c4 c6 3. Nf3 Nf6 4. Nc3 e6 5. Bg5 Nbd7 6. e3 Bd6 7. Bd3 O-O 8. O-O
h6 9. Bh4 dxc4 10. Bxc4 c5 11. Ne4 Be7 12. Bxf6 Bxf6 13. dxc5 Bxb2 14. Rb1 Ba3
15. c6 bxc6 16. Qa4 Be7 17. Qxc6 Rb8 18. Rxb8 Nxb8 19. Qa4 Bb7 20. Nd4 Bxe4 21.
Nxe6 Bc6 0-1

[Event "Championship"]
[Site "Seattle"]
[Date "2022.02.13"]
[Round "4"]
[White "Shubin, Daniel"]
[Black "Mahajan, Rushaan"]
[Result "1/2-1/2"]
[WhiteElo "2214"]
[BlackElo "2253"]
[PlyCount "43"]
[EventDate "2022.??.??"]

1. e4 c6 2. d4 d5 3. Nc3 dxe4 4. Nxe4 Nf6 5. Nxf6+ exf6 6. c3 Bd6 7. Bd3 O-O 8.
Qf3 c5 9. Ne2 Nc6 10. dxc5 Bxc5 11. Bxh7+ Kxh7 12. Qh5+ Kg8 13. Qxc5 Re8 14.
Be3 Qd3 15. Rd1 Qc2 16. Qb5 Bg4 17. h3 Be6 18. O-O a6 19. Qxb7 Qxe2 20. Qxc6
Qxb2 21. Rd2 Qb5 22. Qxb5 1/2-1/2